00414nam a2200157Ia 4500008005200000082001800052100002000070245002100090250000800111260003800119300001700157440002700174650001900201650001400220650002200234200103s 2010 ||||xx |||||||||||||| ||und|| a623.8171bSUB aSubramaniam, H. 0aShip stability 1 a2nd bVijaya Publicationsc2010aMumbai a290 p.: ill. aNutshell Series Book 4 aWater pressure aFlotation aCentre of gravity